| 000 | 00387 a2200157 4500 | ||
|---|---|---|---|
| 003 | NUST | ||
| 005 | 20230301185446.0 | ||
| 040 | _cNust | ||
| 082 | _a808.81,FRA | ||
| 100 |
_aFaraz, Ahmed _929927 |
||
| 245 |
_aShab Khoon / شب خون (Urdu) / _cAhmad Faraz |
||
| 260 |
_aLahore _bMavra Publisher _c1989 |
||
| 300 | _a96:p. | ||
| 650 |
_aUrdu Poetry _9751 |
||
| 942 |
_2ddc _cBK _k808.81,FRA |
||
| 999 |
_c187990 _d187990 |
||